Els departaments de govern de la Generalitat de Catalunya : Funcions, competències, estructura política i administrativa Funcions, competències, estructura política i administrativa
Descripción Física:
171 p., [1] f., [8] f. pleg. ; 21'5 cm
Colección:
Col·lecció Departament de la Presidència ; 3
Materias:
Catalunya. -- Generalitat
MARC
| LEADER | 00000nam a2200000Ia 4500 | ||
|---|---|---|---|
| 001 | 552 | ||
| 008 | 160829s9999 xx 000 0 cat d | ||
| 080 | |a M-2-161 | ||
| 110 | 1 | |a Catalunya. |b Generalitat |9 12125 | |
| 245 | |a Els departaments de govern de la Generalitat de Catalunya : |b Funcions, competències, estructura política i administrativa | ||
| 260 | |a Barcelona : |b Servei Central de Publicacions de la Generalitat de Catalunya, dl 1979 | ||
| 300 | |a 171 p., [1] f., [8] f. pleg. ; |c 21'5 cm | ||
| 490 | |a Col·lecció Departament de la Presidència ; 3 | ||
| 610 | 1 | 0 | |a Catalunya. |b Generalitat |9 12125 |
| 901 | |a Arxiu | ||
| 942 | |n 1 | ||
| 952 | |0 0 |1 0 |4 0 |6 M2161 |7 1 |9 43088 |a Arxiu |b Arxiu |d 2016-12-01 |l 0 |o M-2-161 |p 552 |r 2016-12-01 00:00:00 |w 2016-12-01 |y ARXIU | ||
| 999 | |c 45632 |d 45632 | ||